Copa Mundial de la FIFA 1998 - Estadísticas

Estadísticas generales
  • Esta prueba ha sido intentada 239 veces
  • La puntuación promedio es 26 de 32
Estadísticas de respuestas
GRUPOS % Correcto
Brasil
99%
Argentina
97%
Francia
97%
España
96%
Estados Unidos
95%
Italia
94%
Japón
94%
México
94%
Chile
93%
Alemania
91%
Inglaterra
91%
Colombia
90%
Corea del Sur
88%
Países Bajos
88%
Nigeria
87%
Paraguay
87%
Camerún
84%
Bélgica
83%
Croacia
82%
Dinamarca
81%
Marruecos
75%
Austria
74%
Irán
74%
Noruega
73%
Arabia Saudita
71%
Rumania
69%
Escocia
68%
Túnez
68%
Sudáfrica
67%
Bulgaria
66%
Jamaica
60%
Yugoslavia
49%
No se encontraron pruebas coincidentes
Distribución de puntuación
Porcentaje de gente con cada puntuación
Porcentaje por número respondido
Historial de tus puntuaciones
No has intentado esta prueba.